LEADER 00877nam0-22003011--450- 001 990009144040403321 005 20101209182839.0 035 $a000914404 035 $aFED01000914404 035 $a(Aleph)000914404FED01 035 $a000914404 100 $a20100209d1973----km-y0itay50------ba 101 0 $afre 102 $aFR 105 $ay-------001yy 200 1 $a<>monarchies europèennes du 16. siècle$eles relations internationales$fHenri Lapeyre 210 $aParis$cPresses Universitaires de France$d1973 215 $a396 p.$d19 cm 225 1 $aNouvelle Clio$v31 676 $a321.6$v11 rid.$zita 700 1$aLapeyre,$bHenri$0211697 801 0$aIT$bUNINA$gRICA$2UNIMARC 901 $aBK 912 $a990009144040403321 952 $aSDI-2KE 86$bs.i.$fSDI 959 $aSDI 996 $aMonarchies européennes du 16. siècle$937263 997 $aUNINA LEADER 00925nam a2200217 i 4500 001 991004278438307536 005 20230531124645.0 008 310523s1998 it e 000 0 ita d 040 $aBibl. Dip.le Aggr. DiSTeBA - Sez. Biologia 082 0 $a343.4076502632$222 110 2 $aUnione europea$0361259 245 10$aUnione europea :$bnorme di qualita per i prodotti ortofrutticoli : aggiornamento: giugno 1998 : area prodotti agroalimentari 246 00$aNorme di qualità per i prodotti ortofrutticoli 260 $aRoma :$bIstituto nazionale per il commercio estero,$c1998 300 $a286 p. ;$c21 cm+ +$e1 v. (45 tabs., Vademecum dell'operatore) 490 0 $aTecniche e normative / Istituto nazionale per il commercio estero 500 $aIncludes appendix pp. I-IV 650 4$aFruit and vegetables$xQuality$xCommunity legislation 912 $a991004278438307536 996 $aUnione europea$91108734 997 $aUNISALENTO